00903nam a22002778a 4500003000400000005001700004008004100021020001800062020001600080020001800096020001500114040002400129082002000153100002300173245012400196260004500320300003100365650003500396650002500431650001900456650002100475650002400496700003600520700003300556700003600589INP20260622095749.0080723s2008 dcu fr i000 0 eng d a9780821375815 a0821375814  a9780821375822 a0821375822 aEG-INPcEG-INPbeng04a362.56bm f2211 aGrosh, Margaret E.10aFor protection and promotion : bthe design and implementation of effective safety nets / cMargaret Grosh ... [et al.] aWashington, D.C. : bWorld Bank, c2008. a587 p. : bill. ; c25 cm. 0aEconomic assistance, Domestic. 0aPovertyxPrevention. 0aSocial policy. 0aSocial planning. 0aPoorxServices for.1 aninno, carlo del, eco- auther.1 atesliuc, emil, eco- auther.1 aouerghi, azedine, eco- auther.